000 00438nam a2200181Ia 4500
001 9413
005 20260306161716.0
008 260306t2001||||xx |||||||||||||| ||spa||
041 _aESP
082 _a378.85
_bM61
100 _aPerú. Ministerio de Educación
_eAUT
245 0 _aGuía de carreras universitarias
260 _c2001
300 _a82 páginas :
_c20 cm.
650 _aGEN
654 _aCED
942 _cLIB
_dJUS
_fJUS
_2ddc
_n
999 _c9413
_d9413